| 000 | 00430nam a2200169Ia 4500 | ||
|---|---|---|---|
| 999 |
_c28844 _d28844 |
||
| 003 | OSt | ||
| 005 | 20250527160931.0 | ||
| 008 | 250310s9999||||xx |||||||||||||| ||und|| | ||
| 040 | _c. | ||
| 082 |
_a604.2 _bB5755 |
||
| 100 |
_91437 _aBhatt, N. D. |
||
| 245 | 0 |
_aElementary Engineering Drawing / _cN. D. Bhatt |
|
| 250 | _a34th ed. | ||
| 260 |
_aGujarat : _bCharotar publishing house, _c1994. |
||
| 300 | _a304 p. | ||
| 942 |
_cBK _2ddc |
||